LEADER 01592nam 2200433I 450 001 9910713542103321 005 20200526122050.0 035 $a(CKB)5470000002502244 035 $a(OCoLC)1155440914 035 $a(EXLCZ)995470000002502244 100 $a20200526j202004 ua 0 101 0 $aeng 135 $aur||||||||||| 181 $ctxt$2rdacontent 182 $cc$2rdamedia 183 $acr$2rdacarrier 200 10$aEnabling dynamic vehicle analyses with improved atmospheric attenuation models in Glenn Research Center communication analysis suite /$fCory T. Vitez and Bryan W. Welch 210 1$aCleveland, Ohio :$cNational Aeronautics and Space Administration, Glenn Research Center,$dApril 2020. 215 $a1 online resource (12 pages) $ccolor illustrations, color maps 225 1 $aNASA/TM ;$v2020-220512 300 $a"April 2020." 320 $aIncludes bibliographical references (pages 11-12). 606 $aInterpolation$2nasat 606 $aLunar roving vehicles$2nasat 606 $aNetwork analysis$2nasat 606 $aScintillation$2nasat 615 7$aInterpolation. 615 7$aLunar roving vehicles. 615 7$aNetwork analysis. 615 7$aScintillation. 700 $aVitez$b Cory T.$01408847 702 $aWelch$b Brian 712 02$aNASA Glenn Research Center, 801 0$bGPO 801 1$bGPO 906 $aBOOK 912 $a9910713542103321 996 $aEnabling dynamic vehicle analyses with improved atmospheric attenuation models in Glenn Research Center communication analysis suite$93493772 997 $aUNINA LEADER 02608oam 2200769 450 001 9910716668903321 005 20210707094003.0 035 $a(CKB)5470000002523475 035 $a(OCoLC)779781577 035 $a(EXLCZ)995470000002523475 100 $a20120311d2012 ua 0 101 0 $aeng 135 $aurbn||||a|||| 181 $ctxt$2rdacontent 182 $cc$2rdamedia 183 $acr$2rdacarrier 200 10$aOccupying the information high ground $eChinese capabilities for computer network operations and cyber espionage /$fBryan Krekel, Patton Adams, George Bakos 210 1$a[Washington, D.C.] :$cU.S.-China Economic and Security Review Administration,$d2012. 215 $a1 online resource (136 pages) 300 $a"Prepared for the U.S.-China Economic and Security Review Commission by Northrop Grumman Corp." 300 $a"March 7, 2012." 320 $aIncludes bibliographical references (pages 118-136). 517 $aOccupying the information high ground 606 $aCyberspace$xGovernment policy$zChina 606 $aComputer crimes$zChina 606 $aCyberterrorism$zChina 606 $aInformation warfare$zChina 606 $aInternet in espionage$zChina 606 $aTelecommunication$xResearch$zChina 606 $aComputer crimes$2fast 606 $aCyberspace$xGovernment policy$2fast 606 $aCyberterrorism$2fast 606 $aInformation technology$2fast 606 $aInformation warfare$2fast 606 $aInternet in espionage$2fast 606 $aTelecommunication$xResearch$2fast 607 $aChina$2fast 615 0$aCyberspace$xGovernment policy 615 0$aComputer crimes 615 0$aCyberterrorism 615 0$aInformation warfare 615 0$aInternet in espionage 615 0$aTelecommunication$xResearch 615 7$aComputer crimes. 615 7$aCyberspace$xGovernment policy. 615 7$aCyberterrorism. 615 7$aInformation technology. 615 7$aInformation warfare. 615 7$aInternet in espionage. 615 7$aTelecommunication$xResearch. 700 $aKrekel$b Bryan A.$01400739 702 $aAdams$b Patton 702 $aBakos$b George 712 02$aNorthrop Grumman Corporation, 712 02$aU.S.-China Economic and Security Review Commission, 801 0$bDID 801 1$bDID 801 2$bGAO 801 2$bAAU 801 2$bOCLCA 801 2$bOCLCF 801 2$bOCLCQ 801 2$bGPO 906 $aBOOK 912 $a9910716668903321 996 $aOccupying the information high ground$93495007 997 $aUNINA